000
00337nam a2200145Ia 4500
008
090124s9999 xx 000 0 und d
082
_b
203118
245
_a
PHYSICS CAN BE FUN
250
_a
1
260
_b
YAKOV PERELMAN
_c
1973
300
_a
430
630
_a
PHYSICS CAN BE FUN
730
_a
PHYSICS CAN BE FUN
942
_c
BOOK
999
_c
184699
_d
184699